Konverzačná príručka angličtiny pre pokročilých /

Gespeichert in:
Bibliographische Detailangaben
1. Verfasser: Kubiš, Ladislav (Verfasst von)
Format: Buch
Sprache:Slowakisch
Veröffentlicht: Bratislava : Slovenské pedagogické nakladateľstvo, 1987
Ausgabe:1.vyd.
Tags: Tag hinzufügen
Keine Tags, Fügen Sie das erste Tag hinzu!

MARC

LEADER 00000nam a22000003a 4500
001 stu5658
005 20150617225812.0
008 940425s1987----xo------------------slo-d
040 |a STU  |b slo 
041 0 |a slo 
044 |a xo 
080 |a 802.024  |7 stu_us_auth*stu8276 
080 |a 801.318 
100 1 |a Kubiš, Ladislav  |4 aut 
245 1 |a Konverzačná príručka angličtiny pre pokročilých /  |c [aut.] Kubiš,L 
250 |a 1.vyd. 
260 |a Bratislava :  |b Slovenské pedagogické nakladateľstvo,  |c 1987 
300 |a 322 s 
996 |b 284EK01300  |c E*65462  |l EE01  |s A  |a 24  |w stu5658_0002